Παίξε "Κρεμάλα" με Πρωτεύουσες - Statistics

General Stats
  • This quiz has been taken 36 times
  • The average score is 3 of 6
Answer Stats
Γράμματα % Correct
Ρ
100%
Α
100%
Α
100%
Ι
100%
Ε
100%
Μ
100%
Π
100%
Α
100%
Κ
100%
Α
100%
Λ
100%
Ε
100%
Α
100%
Σ
100%
Μ
100%
Α
100%
Ρ
100%
Α
100%
Ο
100%
Ο
100%
Α
100%
Α
100%
Α
100%
Ο
100%
Α
100%
Κ
100%
Ο
100%
Α
100%
Α
100%
Α
100%
Α
100%
Α
67%
Ρ
67%
Ν
67%
Ι
50%
Ο
50%
Ι
50%
Ι
33%
Τ
0%
Ι
0%
Ν
0%
Β
0%
Ν
0%
Ν
0%
Η
0%
Ο
0%
Υ
0%
Μ
0%
Α
0%
Ν
0%
Α
0%
Μ
0%
Α
0%
Τ
0%
Ι
0%
Μ
0%
Π
0%
Ο
0%
Υ
0%
Ο
0%
Τ
0%
Τ
0%
Α
0%
Β
0%
Α
0%
Π
0%
Ε
0%
Κ
0%
Ι
0%
Ν
0%
Ο
0%
Γ
0%
Ρ
0%
Ι
0%
Π
0%
Α
0%
Ρ
0%
Ι
0%
Σ
0%
Ι
0%
Μ
0%
Ρ
0%
Ν
0%
Σ
0%
Τ
0%
Ν
0%
Ρ
0%
Α
0%
Μ
0%
Π
0%
Α
0%
Τ
0%
Μ
0%
Ν
0%
Σ
0%
Κ
0%
Π
0%
Β
0%
Α
0%
Λ
0%
Ε
0%
Τ
0%
Α
0%
Γ
0%
Ε
0%
Μ
0%
Α
0%
Ν
0%
Ι
0%
Λ
0%
Α
0%
Ο
0%
Ν
0%
Ι
0%
Α
0%
Ρ
0%
Α
0%
Ν
0%
Τ
0%
Κ
0%
Ρ
0%
Τ
0%
Υ
0%
Ν
0%
Ι
0%
Δ
0%
Α
0%
Α
0%
Γ
0%
Κ
0%
Υ
0%
Ρ
0%
Α
0%
Τ
0%
Ι
0%
Π
0%
Ε
0%
Ι
0%
Χ
0%
Α
0%
Ρ
0%
Α
0%
Ρ
0%
Ε
0%
Σ
0%
Ο
0%
Υ
0%
Κ
0%
Ρ
0%
Ε
0%
No matching quizzes found
Score Distribution
Percent of People with Each Score
Percentile by Number Answered
Your Score History
You have not taken this quiz